000 00913nam a2200253Ia 4500
003 OSt
005 20221005105331.0
006 a|||||r|||| 00| 0
007 ta
008 221004b |||||||| |||| 00| 0 hin d
020 _a9789384767730 (hbk)
_cINR 400.00
024 _a64899
037 _b989/19, 19/12/2019, Literacy House
_cTextual
040 _aCRL
_cCRL
_bhin
041 _2hin
_ahin
082 _aR635x1,1, 152Q6
100 _aश्यामल किशोर, ले.
245 0 _aपातन्जल योग मनोविज्ञान
246 _aPātanjal yog manovijnyāna
260 _aनई दिल्ली
_bजानकी प्रकाशन भारत
_c2016
300 _a128पृ0
_ccm.
942 _hR635x1,1, 152Q6
_cTEXL
_2cc
999 _c1015497
_d1015497